Statistiken für Länder mit minimalistischen Flaggen

Klicken Sie hier um das Quiz zu spielen!

Allgemein

  • Dieses Quiz wurde 206 mal gespielt
  • Das Durchschnittsergebnis liegt bei 22 aus 37

Antwortstatistiken

Land% Korrekt
Polen
90%
Japan
87%
China
83%
Finnland
83%
Indonesien
83%
Monaco
80%
Schweden
78%
Schweiz
77%
Dänemark
76%
Kanada
75%
Österreich
75%
Türkei
68%
Vietnam
67%
Ukraine
66%
Marokko
65%
Peru
63%
Griechenland
60%
Albanien
57%
Bangladesch
57%
Tunesien
57%
Palau
55%
Lettland
54%
Kasachstan
51%
Saudi-Arabien
51%
Israel
49%
Katar
48%
Nigeria
47%
Singapur
47%
Somalia
46%
Bahrain
45%
Pakistan
44%
Honduras
41%
Föderierte Staaten von Mikronesien
39%
Kirgisistan
39%
Tonga
38%
Georgien
37%
Nordmazedonien
33%

Verteilung der Resultate

Perzentil nach korrekt beantworteten Fragen

Anzahl Personen mit jedem Resultat

Ihre Resultats-Entwicklung

Sie haben dieses Quiz noch nicht gespielt